Normal view MARC view

Entry Personal Name

Number of records used in: 5

001 - CONTROL NUMBER

  • control field: 884

003 - CONTROL NUMBER IDENTIFIER

  • control field: DLC

005 - DATE AND TIME OF LATEST TRANSACTION

  • control field: 20191228113524.0

008 - FIXED-LENGTH DATA ELEMENTS

  • fixed length control field: 810731n| acannaabn |a aaa

010 ## - LIBRARY OF CONGRESS CONTROL NUMBER

  • LC control number: n 81082377

035 ## - SYSTEM CONTROL NUMBER

  • System control number: (OCoLC)oca00627624

040 ## - CATALOGING SOURCE

  • Original cataloging agency: DLC
  • Language of cataloging: eng
  • Transcribing agency: DLC
  • Modifying agency: IEN

100 1# - HEADING--PERSONAL NAME

  • Personal name: Husain, Majid,
  • Dates associated with a name: 1938-

400 0# - SEE FROM TRACING--PERSONAL NAME

  • Personal name: Majid Husain,
  • Dates associated with a name: 1938-

670 ## - SOURCE DATA FOUND

  • Source citation: His Agricultural geography, 1979:
  • Information found: t.p. (Majid Husain) jkt. (M.A., Ph. D., LL. B., head, Dept. of Geography, North Eastern Hill Univ., Shillong; b. 1938)

Powered by Koha